<?xml version="1.0" encoding="UTF-8"?>
<collection xmlns="http://www.loc.gov/MARC21/slim">
 <record>
  <leader>00477pamaa2200169   4500</leader>
  <controlfield tag="001">0000018497</controlfield>
  <controlfield tag="005">20060515090000.0</controlfield>
  <datafield tag="020" ind1="0" ind2="0">
   <subfield code="a">0419155309 </subfield>
  </datafield>
  <datafield tag="082" ind1=" " ind2=" ">
   <subfield code="a">332.6324 BRO 1991</subfield>
  </datafield>
  <datafield tag="090" ind1="0" ind2="0">
   <subfield code="a">HD1381 </subfield>
   <subfield code="b">BRO 1991</subfield>
  </datafield>
  <datafield tag="100" ind1="1" ind2="0">
   <subfield code="a">BROWN </subfield>
  </datafield>
  <datafield tag="245" ind1="1" ind2="0">
   <subfield code="a">Property investment and the capital markets  </subfield>
   <subfield code="c">Gerald R. Brown.</subfield>
  </datafield>
  <datafield tag="260" ind1="0" ind2="0">
   <subfield code="a">London: </subfield>
   <subfield code="b">E &amp; FN Spon, </subfield>
   <subfield code="c">1991.</subfield>
  </datafield>
  <datafield tag="300" ind1=" " ind2=" ">
   <subfield code="a">xiii, 312p.: </subfield>
   <subfield code="b">24cm.</subfield>
  </datafield>
  <datafield tag="650" ind1="0" ind2="0">
   <subfield code="a">Real property -- </subfield>
   <subfield code="x">Finance </subfield>
  </datafield>
  <datafield tag="650" ind1="0" ind2="0">
   <subfield code="a">Real estate investment </subfield>
  </datafield>
  <datafield tag="650" ind1="0" ind2="0">
   <subfield code="a">Capital market </subfield>
  </datafield>
 </record>
</collection>
